| 000 | 01860cam a22005054i 4500 | ||
|---|---|---|---|
| 003 | PE-LiUPU | ||
| 005 | 20250731184602.0 | ||
| 008 | 150616s r 000 0 d | ||
| 035 | _a(Sirsi) a5336 | ||
| 040 |
_aPE-LiUPU _bspa _cPE-LiUPU _erda |
||
| 049 | _aPRUA | ||
| 082 | 0 | 4 |
_a983.06185152 _bR77 _221 |
| 100 | 1 |
_aRojas Gasco, Segundo L., _eautor. |
|
| 245 | 1 | 0 |
_aChota heroica : _bguerra con Chile / _cSegundo L. Rojas Gasco. |
| 264 | 1 |
_a[Lima] : _bEstela, _c1990. |
|
| 300 |
_a144 páginas : _bilustraciones fotos, retratos ; _c20 cm. |
||
| 336 |
_atext _2rdacontent |
||
| 337 |
_aunmediated _2rdamedia |
||
| 338 |
_avolume _2rdacarrier |
||
| 500 | _aCon autógrafo del autor | ||
| 500 | _a"Auspiciado por el Concytec". | ||
| 504 | _aIncluye bibliografía. | ||
| 505 | 0 | _aLa protesta escrita -- Batallón Chota N° 7 -- La batalla de San Pablo y el incendio de Chota -- Dos grandes chotanos Crl. Becerra y Capáginas Abendaño -- Héroes chotanos en la guerra con Chile. | |
| 526 | _aP136 | ||
| 526 | _aP135 | ||
| 526 | _aP134 | ||
| 526 | _aP133 | ||
| 526 | _aP144 | ||
| 526 | _aP143 | ||
| 526 | _aP87 | ||
| 526 | _aP35 | ||
| 526 | _aP20 | ||
| 526 | _aP14 | ||
| 526 | _aP10 | ||
| 526 | _aP06 | ||
| 650 | 0 | 4 |
_aGuerra del Pacífico, 1879-1884 _zPerú - Cajamarca, Chota. |
| 651 |
_aCajamarca (Perú : Departamento) _xHistoria. _95163 |
||
| 910 |
_ajck _bjvq _cjck |
||
| 942 |
_2ddc _cBOOK |
||
| 949 |
_a983.06185152 R77 _wDEWEY _c1 _i33187 _lCCODEBUL1 _mBUL _p00.00 _r0 _sY _tBOOK _u19930112 _xEDUCACION _PP20 _0COMPRA _o.STAFF. Colección General |
||
| 994 |
_aC0 _bPEPRU |
||
| 596 | _a1 | ||
| 999 |
_a983.06185152 R77 _wDEWEY _c56065 _i33187 _f2022-5-31 _g5 _lDISCARD _mBUL _r1 _sY _tBOOK _u2015-6-16 _xUNKNOWN _PP20 _0COMPRA _o.STAFF. Colección General _d56065 |
||
| 980 |
_81 _gALBERTO SANCHEZ Responsable de Automatización |
||